000 00505nam a2200145Ia 4500
008 220216s9999 xx 000 0 und d
100 _aHaridasan V.
245 0 _aAncillary income from rubber plantations
260 _bIn: Natural rubber: Biology, cultivation and technology. (Eds. M.R. Sethuraj and N.M. Mathew). Elsevier Science Publishers, Amsterdam, pp. 561-567.
_c1992
650 _aAncillary income
650 _aRubber honey
650 _aRubber seed oil
650 _aRubber wood
942 _cBS
999 _c49819
_d49819